Students participation in administration (Record no. 1450515)

MARC details
000 -LEADER
fixed length control field 00593nam a2200205Ia 4500
005 - DATE AND TIME OF LATEST TRANSACTION
control field 20250923145351.0
008 - FIXED-LENGTH DATA ELEMENTS--GENERAL INFORMATION
fixed length control field 008 250917s9999 xx 000 0 eng d
037 ## - SOURCE OF ACQUISITION
Stock number Textual
040 ## - CATALOGING SOURCE
Original cataloging agency DSWL
Language of cataloging eng
Transcribing agency DSWL
041 ## - LANGUAGE CODE
Language code of text/sound track or separate title eng
Source of code eng
084 ## - COLON CLASSIFICATION NUMBER
Classification number T40aX:8, N75
Assigning agency DSWL
100 ## - MAIN ENTRY--PERSONAL NAME
Personal name Srivastava, R.C.
9 (RLIN) 834551
245 #0 - TITLE STATEMENT
Title Students participation in administration
Statement of responsibility, etc. by R.C. Srivastava
260 ## - PUBLICATION, DISTRIBUTION, ETC.
Place of publication, distribution, etc. New Delhi
Name of publisher, distributor, etc. Sterling Pubs.
Date of publication, distribution, etc. 1975
300 ## - PHYSICAL DESCRIPTION
Extent vi,168 p.
365 ## - TRADE PRICE
Price type code INR
Price amount 27 . 0
925 ## -
-- 27 . 0
942 ## - ADDED ENTRY ELEMENTS (KOHA)
Koha item type Textual
Classification part T40aX:8, N75
Holdings
Withdrawn status Lost status Damaged status Not for loan Home library Current library Date acquired Source of acquisition Inventory number Total Checkouts Full call number Barcode Date last seen Price effective from Koha item type
        Department of Social Work Library Department of Social Work Library 2025-09-23 Sterling Pubs. 28790 17/01/1978   T40aX:8, N75 SW0017891 2025-09-23 2025-09-23 Textual
Copyright @ Delhi University Library System